[Event "Michigan Amateur"]
[Site "Kalamazoo, MI"]
[Date "2000.07.29"]
[Round "1.12"]
[White "Horwood, Rob"]
[Black "West, Tony"]
[Result "0-1"]
[WhiteElo "1118"]
[BlackElo "1815"]
[PlyCount "90"]
[EventDate "2000.07.29"]

1. e4 c5 2. Nf3 Nc6 3. Bb5 d6 4. c3 Bd7 5. O-O Nf6 6. Re1 a6 7. Ba4 e6 8. d4
cxd4 9. cxd4 Be7 10. d5 Na7 11. dxe6 fxe6 12. e5 Nd5 13. exd6 Bxd6 14. Bxd7+
Qxd7 15. Qxd5 Bxh2+ 16. Kxh2 Qxd5 17. Ng5 O-O 18. Nc3 Qd4 19. Nce4 Qe5+ 20. Kg1
h6 21. Nf3 Qf5 22. Ng3 Qf6 23. Re4 Rad8 24. Be3 Qxb2 25. Re1 Nc6 26. Rxe6 Qxa2
27. Rg6 Qf7 28. Nh4 Ne5 29. Rb6 Ng4 30. Ngf5 Nxe3 31. fxe3 Qd7 32. Rg6 Rxf5 33.
Nxf5 Qxf5 34. Rg3 b5 35. Rf1 Qe6 36. Rgf3 b4 37. Re1 b3 38. Rb1 Rd2 39. Rf2
Qxe3 40. Rbf1 Rxf2 41. Rxf2 b2 42. Kh2 Qxf2 43. Kh3 b1=Q 44. Kg4 Qg6+ 45. Kh3
Qfg3# 0-1

[Event "Michigan Amateur"]
[Site "Kalamazoo, MI"]
[Date "2000.07.29"]
[Round "3.24"]
[White "Horwood, Rob"]
[Black "Heeter, Brian"]
[Result "1/2-1/2"]
[WhiteElo "1118"]
[BlackElo "1454"]
[PlyCount "145"]
[EventDate "2000.07.29"]

1. e4 e5 2. Nf3 d6 3. Bc4 Bg4 4. h3 Bxf3 5. Qxf3 Nf6 6. d3 Nc6 7. Bb5 Be7 8.
Bg5 Nd7 9. Bxe7 Qxe7 10. Bxc6 bxc6 11. O-O O-O 12. Nd2 Qg5 13. Nc4 Nf6 14. Ne3
Nh5 15. Qg4 Qxg4 16. Nxg4 Nf4 17. Kh2 Rfe8 18. g3 Ne6 19. c3 Rab8 20. b3 a5 21.
Rab1 Rb6 22. Ne3 Reb8 23. Rb2 a4 24. b4 c5 25. Rfb1 cxb4 26. Rxb4 Nc5 27. Nd5
Rxb4 28. Rxb4 Rxb4 29. cxb4 Nxd3 30. Nxc7 Nxb4 31. a3 Nc2 32. Nb5 Kf8 33. Kg2
Ke7 34. Kf3 Kd7 35. Nc3 Nxa3 36. Nxa4 Nc2 37. Nb6+ Ke6 38. Nd5 Nd4+ 39. Ke3 f5
40. Nf4+ Kf7 41. exf5 Nxf5+ 42. Ke4 Nd4 43. Nd5 Nb3 44. f4 Nc5+ 45. Ke3 exf4+
46. Nxf4 g5 47. Nd5 Ke6 48. Nc7+ Ke5 49. Ne8 d5 50. Nc7 Nb3 51. Nb5 h5 52. Kf3
d4 53. Na3 d3 54. Nc4+ Kd4 55. Ne3 Na1 56. h4 g4+ 57. Kf4 Nc2 58. Nf1 Ne1 59.
Kg5 Ng2 60. Kxh5 Ne3 61. Nd2 Kc3 62. Ne4+ Kc2 63. Kg5 Nc4 64. Kf4 Nd6 65. Nf2
d2 66. h5 Nc4 67. h6 Nb2 68. h7 Nd3+ 69. Kf5 Nxf2 70. h8=Q d1=Q 71. Qc8+ Kd2
72. Qd7+ Nd3 73. Kg5 1/2-1/2

[Event "Michigan Amateur"]
[Site "Kalamazoo, MI"]
[Date "2000.07.29"]
[Round "3.20"]
[White "Higgins, Richard"]
[Black "Robertson, John"]
[Result "0-1"]
[WhiteElo "1193"]
[BlackElo "1480"]
[PlyCount "164"]
[EventDate "2000.07.29"]

1. e4 c5 2. d4 cxd4 3. c3 dxc3 4. Nxc3 Nc6 5. Nf3 d6 6. Be2 Nf6 7. O-O g6 8.
Qc2 Bg7 9. Be3 O-O 10. a3 Be6 11. Rad1 Rc8 12. Ng5 Bd7 13. h3 a6 14. Qb1 h6 15.
Nf3 Kh7 16. Nd2 b5 17. f4 d5 18. exd5 Nxd5 19. Nxd5 Bxh3 20. Nb6 Bd4 21. Qd3
Bf5 22. Ne4 Qxb6 23. Kf2 Bxe3+ 24. Qxe3 Qxe3+ 25. Kxe3 Bxe4 26. Kxe4 Rfd8 27.
Rxd8 Rxd8 28. Rd1 Rxd1 29. Bxd1 e6 30. Bf3 Kg7 31. Kd3 Ne7 32. Kc3 Nd5+ 33.
Bxd5 exd5 34. Kd4 Kf6 35. Kxd5 Kf5 36. Kc5 Kxf4 37. Kb6 h5 38. Kxa6 Kg3 39.
Kxb5 Kxg2 40. a4 h4 41. a5 h3 42. a6 h2 43. a7 h1=Q 44. a8=Q+ Kg1 45. Qxh1+
Kxh1 46. b4 g5 47. Kc4 g4 48. b5 g3 49. b6 g2 50. b7 g1=Q 51. b8=Q Qf1+ 52. Kd5
Qd3+ 53. Kc6 Qc4+ 54. Kd7 Qe6+ 55. Kd8 Qf6+ 56. Kd7 Qf5+ 57. Ke8 Qe6+ 58. Kd8
f5 59. Qb1+ Kg2 60. Qb7+ Qe4 61. Qg7+ Kf3 62. Qc3+ Qe3 63. Qc6+ Ke2 64. Qg6
Qd3+ 65. Ke7 f4 66. Qg2+ Ke3 67. Qg1+ Kd2 68. Kf6 f3 69. Qf2+ Qe2 70. Qd4+ Ke1
71. Qc3+ Kf1 72. Qc1+ Qe1 73. Qc4+ Kg2 74. Qa2+ f2 75. Qd5+ Kf1 76. Qd3+ Qe2
77. Qb1+ Kg2 78. Qg6+ Kh3 79. Qh7+ Kg3 80. Qg6+ Qg4 81. Qd3+ Qf3+ 82. Kg5 Qxd3
0-1

[Event "Michigan Amateur"]
[Site "Kalamazoo, MI"]
[Date "2000.07.29"]
[Round "1.8"]
[White "Higgins, Richard"]
[Black "Jendras, Gerard"]
[Result "0-1"]
[WhiteElo "1193"]
[BlackElo "1848"]
[PlyCount "30"]
[EventDate "2000.07.29"]

1. e4 e5 2. Nf3 Nc6 3. Bb5 a6 4. Ba4 Nf6 5. O-O Be7 6. Re1 b5 7. Bb3 O-O 8. c3
d5 9. exd5 Nxd5 10. d3 Bb7 11. Nxe5 Nxe5 12. Rxe5 Nf6 13. Bc2 Bd6 14. Bf4 Bxe5
15. Bxe5 Qd5 0-1

[Event "Michigan Amateur"]
[Site "Kalamazoo, MI"]
[Date "2000.07.29"]
[Round "2.14"]
[White "Henry, Robynne"]
[Black "Smith, Les L"]
[Result "0-1"]
[WhiteElo "1435"]
[BlackElo "1800"]
[Annotator "Jeff Aldrich"]
[PlyCount "74"]
[EventDate "2000.07.29"]

{Sicilian: Barnes} 1. e4 c5 2. Nf3 Nc6 3. d4 cxd4 4. Nxd4 e6 5. Nxc6 {This
only helps to strengthen white's center.} (5. Nb5 {is typical, while}) (5. Nc3
a6 {transposes to a Paulsen Sicilian.}) 5... bxc6 6. Bd3 Bc5 7. O-O d5 8. Bf4
Ne7 9. Nd2 O-O 10. Nf3 Ng6 11. Bg3 f5 12. exf5 exf5 13. h3 Bd7 14. Qd2 Qf6 15.
c3 Rae8 16. Rae1 f4 17. Bxg6 Qxg6 18. Rxe8 Rxe8 19. Qxf4 Rf8 20. Qc7 Bxh3 $6 {
White already has the advantage, this smells of desperation.} 21. Nh4 Qg4 22.
gxh3 Qxh3 23. Ng2 Bb6 24. Qe5 h6 25. Ne3 Rf3 {DIAGRAM} 26. a4 $4 ({The action
is on the king-side. With} 26. Re1 {white's position holds together. Black has
no way to make progress.}) 26... Bxe3 {Now a key defender is gone and the king
is a sitting duck.} 27. Bh2 Bb6 28. a5 Bxa5 29. Qe8+ Kh7 30. Qxc6 Rf5 31. Qd6
Bb6 32. Bf4 Qf3 33. Bg3 Rg5 34. Qb8 Rxg3+ 35. Qxg3 Qxg3+ 36. Kh1 Bxf2 37. Rd1
Qh3# 0-1

[Event "Michigan Amateur"]
[Site "Kalamazoo, MI"]
[Date "2000.07.29"]
[Round "2.10"]
[White "Heeter, Brian"]
[Black "Vandivier, Don"]
[Result "0-1"]
[WhiteElo "1454"]
[BlackElo "1816"]
[PlyCount "104"]
[EventDate "2000.07.29"]

1. b3 c5 2. Bb2 d5 3. e3 Nc6 4. Nf3 Bg4 5. Be2 Qc7 6. Nh4 Bxe2 7. Qxe2 a6 8.
Nf5 e5 9. d3 g6 10. Ng3 Bg7 11. Nd2 f5 12. f4 O-O-O 13. O-O-O exf4 14. exf4
Bxb2+ 15. Kxb2 Qxf4 16. Nf3 Qd6 17. Qd2 Qf6+ 18. Kb1 Nge7 19. Ne2 d4 20. Rde1
Nd5 21. Nf4 Ne3 22. g3 Nb4 23. Ng2 Nexc2 24. Re5 b6 25. Nf4 Rhe8 26. Rxe8 Rxe8
27. Nd5 Nxd5 28. Qxc2 Re2 29. Qc4 Nc3+ 30. Kc1 Qc6 31. Qxa6+ Kb8 32. Re1 Nxa2+
33. Kd1 Nc3+ 34. Kc1 Rxe1+ 35. Nxe1 Qe6 36. Nc2 Qxb3 37. Qa1 Na2+ 38. Kd2 Qc3+
39. Qxc3 dxc3+ 40. Kd1 Nb4 41. Na3 Kb7 42. Nc4 Kc6 43. Ne5+ Kd5 44. Nd7 Kd4 45.
Nxb6 Kxd3 46. Na4 c2+ 47. Kc1 Na2+ 48. Kb2 c1=Q+ 49. Kxa2 Qc4+ 50. Ka3 Qb4+ 51.
Ka2 Kc2 52. h3 Qxa4# 0-1

[Event "Michigan Amateur"]
[Site "Kalamazoo, MI"]
[Date "2000.07.29"]
[Round "2.29"]
[White "Hassen, Matt"]
[Black "Higgins, Richard"]
[Result "0-1"]
[WhiteElo "712"]
[BlackElo "1193"]
[PlyCount "58"]
[EventDate "2000.07.29"]

1. d4 d5 2. Nf3 e6 3. e3 c5 4. c3 Nd7 5. g3 b6 6. Bg2 Bb7 7. O-O Ngf6 8. Nbd2
Qc7 9. Nh4 Be7 10. b3 Ne4 11. Qg4 f5 12. Qh5+ Kd8 13. Ng6 Ndf6 14. Qh3 Rg8 15.
Nxe4 hxg6 16. Nxf6 Bxf6 17. Qh7 Qf7 18. c4 Kd7 19. dxc5 Rh8 20. Qxh8 Rxh8 21.
cxd5 Bxa1 22. dxe6+ Kxe6 23. Bxb7 Qxb7 24. cxb6 axb6 25. Ba3 Qa6 26. Rxa1 Qxa3
27. Kg2 g5 28. Kg1 Qb2 29. Re1 Rxh2 0-1

[Event "Michigan Amateur"]
[Site "Kalamazoo, MI"]
[Date "2000.07.29"]
[Round "1.26"]
[White "Hall, Jacob"]
[Black "Avery, Bill"]
[Result "0-1"]
[WhiteElo "699"]
[BlackElo "1561"]
[PlyCount "62"]
[EventDate "2000.07.29"]

1. e4 d5 2. Nc3 d4 3. Na4 e5 4. Nf3 Bd6 5. Be2 Nf6 6. Bd3 a6 7. O-O b5 8. Ng5
O-O 9. b3 bxa4 10. bxa4 Bd7 11. c3 c5 12. cxd4 cxd4 13. Rb1 a5 14. Qe1 Bxa4 15.
a3 Nbd7 16. Bb2 Rb8 17. Rc1 Rxb2 18. Rc4 Bb5 19. Rc2 Rxc2 20. Bxc2 Bxf1 21.
Qxf1 Qb6 22. Qe2 Rc8 23. Bd3 Rc1+ 24. Qf1 Rxf1+ 25. Bxf1 Nc5 26. Nf3 Nfxe4 27.
h3 d3 28. Ne1 Nxd2 29. g3 Nxf1 30. Kxf1 Qb1 31. a4 d2 0-1

[Event "Michigan Amateur"]
[Site "Kalamazoo, MI"]
[Date "2000.07.29"]
[Round "2.6"]
[White "Grzegorczyk, Ron"]
[Black "Hamood, Al"]
[Result "1/2-1/2"]
[WhiteElo "1537"]
[BlackElo "1851"]
[PlyCount "89"]
[EventDate "2000.07.29"]

1. e4 d5 2. exd5 Nf6 3. Bb5+ Bd7 4. Bxd7+ Qxd7 5. Nc3 Nxd5 6. Qf3 c6 7. a3 e5
8. Nge2 Bc5 9. O-O O-O 10. b4 Bb6 11. Na4 a5 12. Bb2 Qe7 13. c4 axb4 14. cxd5
Rxa4 15. axb4 Rxa1 16. Rxa1 Qxb4 17. Ba3 Qa5 18. Qc3 Qxc3 19. Nxc3 Rd8 20. Rb1
Nd7 21. d6 Bc5 22. Rb3 f5 23. Nb1 Bxa3 24. Rxa3 Kf7 25. Ra7 Nc5 26. Ra5 b6 27.
Ra7+ Kf6 28. d7 Rxd7 29. Ra8 Ne4 30. Rc8 c5 31. f3 Nxd2 32. Rc6+ Kg5 33. Nc3
Nc4 34. Na4 Rd1+ 35. Kf2 Ra1 36. Nxb6 Ra6 37. Rxc5 Nxb6 38. Rxe5 Ra2+ 39. Kg3
Nc4 40. Re6 Ne3 41. f4+ Kh5 42. Rxe3 g5 43. Rf3 g4 44. Rd3 Ra6 45. Rc3 1/2-1/2

[Event "Michigan Amateur"]
[Site "Kalamazoo, MI"]
[Date "2000.07.29"]
[Round "1.29"]
[White "Griffin, John"]
[Black "Decker, James"]
[Result "1-0"]
[WhiteElo "1500"]
[BlackElo "625"]
[PlyCount "57"]
[EventDate "2000.07.29"]

1. d4 Nf6 2. c4 g6 3. Nc3 Bg7 4. e4 O-O 5. Be2 d6 6. Nf3 Re8 7. O-O b6 8. Rb1
Bb7 9. d5 e6 10. Qc2 exd5 11. cxd5 Nbd7 12. b4 Ne5 13. Nxe5 Rxe5 14. f3 Re7 15.
Nb5 Qd7 16. Bg5 c6 17. dxc6 Bxc6 18. Nd4 Rc8 19. Rfc1 Ree8 20. Nxc6 Re6 21.
Ne7+ Rxe7 22. Qxc8+ Re8 23. Qxd7 Nxd7 24. Rc7 Nb8 25. Rbc1 Bd4+ 26. Kf1 Na6 27.
Rxa7 Re5 28. Bf6 h6 29. Rc8+ 1-0

[Event "Michigan Amateur"]
[Site "Kalamazoo, MI"]
[Date "2000.07.29"]
[Round "1.21"]
[White "Farmand, Farnood"]
[Black "Varner, Bill"]
[Result "1-0"]
[WhiteElo "1641"]
[BlackElo "870"]
[PlyCount "65"]
[EventDate "2000.07.29"]

1. c4 e5 2. Nc3 Nf6 3. Nf3 Nc6 4. d4 d6 5. dxe5 Nxe5 6. Nxe5 dxe5 7. Qxd8+ Kxd8
8. Bg5 Be7 9. O-O-O+ Ke8 10. f3 Be6 11. Nb5 Kf8 12. Nxc7 Rc8 13. Nxe6+ fxe6 14.
e4 b5 15. Bxf6 gxf6 16. Rd7 Bc5 17. Be2 Rg8 18. g3 Rg7 19. Rhd1 Bd4 20. Rxg7
Kxg7 21. b3 a5 22. Kb1 a4 23. cxb5 axb3 24. axb3 Rc3 25. Bc4 Rxf3 26. Bxe6 Rf2
27. Bc4 Rxh2 28. Rxd4 exd4 29. b6 d3 30. Bxd3 Rd2 31. b7 Rxd3 32. b8=Q Rxg3 33.
Qxg3+ 1-0

[Event "Michigan Amateur"]
[Site "Kalamazoo, MI"]
[Date "2000.07.29"]
[Round "3.13"]
[White "Farmand, Farnood"]
[Black "Saylor, Oliver"]
[Result "1-0"]
[WhiteElo "1641"]
[BlackElo "1268"]
[Annotator "Jeff Aldrich"]
[PlyCount "59"]
[EventDate "2000.07.29"]

{Center Game} 1. e4 e5 2. d4 exd4 3. Bc4 Nc6 4. Nf3 h6 5. Nxd4 Bc5 6. Be3 Qf6
7. c3 Nge7 8. O-O Ne5 9. Bb3 a6 10. Nd2 Qg6 11. N2f3 d6 12. Nxe5 dxe5 13. Ne6
$6 Bxe6 ({If} 13... Bd6 14. Nc5 b6 15. Na4 {the white knight ends up out of
play.}) 14. Bxc5 {Now black has to really work to get his king out of the
center. He never recovers.} Bh3 15. Qf3 Be6 16. Rad1 Bxb3 17. axb3 Qe6 18. Rd2
b6 19. Bxe7 Qxe7 20. Rfd1 O-O 21. Rd7 {White's active rooks will decide the
game.} Qc5 22. b4 Qc6 23. Qf5 Rae8 24. h3 Qa4 25. R1d3 Re6 26. Rxc7 Qa1+ 27.
Kh2 Qxb2 {DIAGRAM} 28. Rxf7 $1 Rxf7 29. Rd8+ Rf8 30. Rxf8# 1-0

[Event "Michigan Amateur"]
[Site "Kalamazoo, MI"]
[Date "2000.07.29"]
[Round "2.5"]
[White "Evans Sr., Thomas"]
[Black "Moore, Robert"]
[Result "1-0"]
[WhiteElo "1867"]
[BlackElo "1627"]
[PlyCount "101"]
[EventDate "2000.07.29"]

1. e4 c5 2. Bc4 e6 3. Nc3 Nc6 4. Nf3 a6 5. d4 cxd4 6. Nxd4 Nf6 7. Bg5 Be7 8.
Nxc6 dxc6 9. Qxd8+ Bxd8 10. e5 Nd5 11. Bxd8 Kxd8 12. O-O-O Ke7 13. Ne4 f6 14.
Bxd5 exd5 15. exf6+ gxf6 16. Nc5 Rg8 17. Rhe1+ Kf7 18. g3 b6 19. Na4 Rb8 20.
Nc3 Bf5 21. f3 Rge8 22. Ne2 Bd7 23. Nf4 Rbd8 24. Rxe8 Rxe8 25. Kd2 d4 26. g4
Re3 27. Rf1 Re5 28. Nd3 Re8 29. Nf2 c5 30. Ne4 Re6 31. c4 Bc6 32. Kd3 Ke7 33.
a3 Re5 34. b4 b5 35. bxc5 bxc4+ 36. Kxd4 Rd5+ 37. Kxc4 Re5 38. Nd6 Ke6 39. f4
Rd5 40. Re1+ Kd7 41. Ne8 Rd2 42. Nxf6+ Kd8 43. Nxh7 Rxh2 44. Nf6 Rf2 45. f5
Rf4+ 46. Kc3 Rf3+ 47. Kb4 Bb5 48. a4 Rf4+ 49. Re4 Rxe4+ 50. Nxe4 Be8 51. Nd6
1-0

[Event "Michigan Amateur"]
[Site "Kalamazoo, MI"]
[Date "2000.07.29"]
[Round "1.24"]
[White "Evans, Joseph"]
[Black "Scioly, Tony"]
[Result "0-1"]
[WhiteElo "820"]
[BlackElo "1599"]
[PlyCount "64"]
[EventDate "2000.07.29"]

1. e4 c5 2. Bc4 e6 3. d3 Nf6 4. Nc3 a6 5. e5 Ng8 6. Nf3 d5 7. Bb3 b5 8. Ng5 Qc7
9. Qf3 Bb7 10. Qf4 c4 11. O-O cxb3 12. cxb3 h6 13. Nf3 Ne7 14. a4 Ng6 15. Qe3
b4 16. Ne2 Nc6 17. Nf4 Ngxe5 18. Nxe5 Nxe5 19. d4 Ng4 20. Qg3 Nf6 21. Nd3 Qxg3
22. fxg3 Be7 23. Bd2 a5 24. Rac1 Ba6 25. Rf3 Bxd3 26. Rxd3 O-O 27. Rc7 Bd6 28.
Rc6 Ne4 29. Bf4 Bxf4 30. gxf4 Rfc8 31. Rxc8+ Rxc8 32. f5 Rc1+ 0-1

[Event "Michigan Amateur"]
[Site "Kalamazoo, MI"]
[Date "2000.07.29"]
[Round "1.22"]
[White "Dudley, Vernon"]
[Black "Post, Robert"]
[Result "0-1"]
[WhiteElo "862"]
[BlackElo "1631"]
[PlyCount "60"]
[EventDate "2000.07.29"]

1. c4 Nf6 2. Nc3 g6 3. Nf3 Bg7 4. e3 O-O 5. d4 d5 6. Ng5 h6 7. Nh3 Nc6 8. Nf4
Bf5 9. cxd5 Nb4 10. Bd3 Nxd3+ 11. Nxd3 Nxd5 12. Nxd5 Qxd5 13. Nf4 Qb5 14. Qe2
Qb4+ 15. Qd2 Qd6 16. O-O Rfd8 17. Ne2 c5 18. Rd1 cxd4 19. Nxd4 Qf6 20. Qb4 e5
21. Bd2 exd4 22. exd4 Be4 23. d5 Qf5 24. Qc4 Rac8 25. Qb3 Bxd5 26. Qe3 Bc6 27.
Qf4 Qxf4 28. Bxf4 g5 29. Be3 a6 30. Rxd8+ Rxd8 0-1

[Event "Michigan Amateur"]
[Site "Kalamazoo, MI"]
[Date "2000.07.29"]
[Round "3.35"]
[White "Dudley, Vernon"]
[Black "Decker, James"]
[Result "1-0"]
[WhiteElo "862"]
[BlackElo "625"]
[PlyCount "39"]
[EventDate "2000.07.29"]

1. e4 e5 2. Nc3 Nf6 3. Bc4 Nc6 4. Nh3 h6 5. O-O Bc5 6. d3 d6 7. Be3 Bxh3 8.
gxh3 Bxe3 9. fxe3 Qd7 10. Qf3 Nb4 11. Rf2 a6 12. a3 Nc6 13. Nd5 O-O-O 14. Kh1
b5 15. Ba2 Ne7 16. Nxf6 gxf6 17. Bxf7 Rdf8 18. Bh5 f5 19. exf5 Rxf5 20. Qa8#
1-0

[Event "Michigan Amateur"]
[Site "Kalamazoo, MI"]
[Date "2000.07.29"]
[Round "3.6"]
[White "Dorrington, Eldon"]
[Black "Williams, Ken"]
[Result "0-1"]
[WhiteElo "1691"]
[BlackElo "1823"]
[PlyCount "84"]
[EventDate "2000.07.29"]

1. d4 Nf6 2. c4 c5 3. d5 b5 4. e3 e6 5. dxe6 fxe6 6. Nf3 bxc4 7. Bxc4 Nc6 8.
O-O d5 9. Be2 Bd6 10. Nc3 O-O 11. a3 a6 12. Qc2 Bc7 13. Bd2 Qd6 14. g3 Bd7 15.
Rad1 Be8 16. Nh4 Ne5 17. Be1 Qc6 18. f4 Ng6 19. Ng2 Rd8 20. Bf3 Qb7 21. h3 Bc6
22. Na4 Bxa4 23. Qxa4 e5 24. Kh2 e4 25. Be2 c4 26. Qc2 Nd7 27. Bb4 a5 28. Bc3
Nc5 29. Bd4 Nd3 30. Rb1 Rb8 31. Bxd3 exd3 32. Qc3 Bb6 33. f5 Bxd4 34. Qxd4 Ne7
35. g4 Qb6 36. Qe5 Qf6 37. Qe6+ Qxe6 38. fxe6 Rxf1 39. Rxf1 Rxb2 40. Kg3 d2 41.
Nf4 Rb3 42. Nh5 Rxe3+ 0-1

[Event "Michigan Amateur"]
[Site "Kalamazoo, MI"]
[Date "2000.07.29"]
[Round "3.28"]
[White "Dimon, Richard"]
[Black "Cahill, David"]
[Result "0-1"]
[WhiteElo "943"]
[BlackElo "1305"]
[PlyCount "89"]
[EventDate "2000.07.29"]

1. d4 Nf6 2. Nf3 d5 3. c4 e6 4. Nc3 Be7 5. Bf4 O-O 6. e3 Nbd7 7. Bd3 c6 8. O-O
b6 9. cxd5 Nxd5 10. Qc2 N7f6 11. Ng5 h6 12. Bh7+ Kh8 13. Nge4 Nxh7 14. Ng3 Nxf4
15. exf4 Qxd4 16. f5 Nf6 17. fxe6 Bxe6 18. Nce2 Qc5 19. Qa4 b5 20. Qd1 Rad8 21.
Qc1 Qxc1 22. Rfxc1 c5 23. Nc3 a6 24. Nce4 Nxe4 25. Nxe4 Bf5 26. Nxc5 Rc8 27.
Nxa6 Bf6 28. Rc5 Rxc5 29. Nxc5 Rc8 30. Na6 Bxb2 31. Rd1 Rc1 32. Rxc1 Bxc1 33.
Nc5 Ba3 34. Na6 Be6 35. Kf1 Bd6 36. g3 Kg8 37. Ke2 Kf8 38. Kd3 b4 39. Nxb4 Bxb4
40. a4 Bb3 41. Kd4 Bxa4 42. h4 Be1 43. Ke3 Bd1 44. f3 Bxg3 45. f4 0-1

[Event "Michigan Amateur"]
[Site "Kalamazoo, MI"]
[Date "2000.07.29"]
[Round "1.18"]
[White "Dimon, Richard"]
[Black "Brown, Dan"]
[Result "0-1"]
[WhiteElo "943"]
[BlackElo "1715"]
[PlyCount "76"]
[EventDate "2000.07.29"]

1. d4 f5 2. Nf3 Nf6 3. Nc3 e6 4. Bg5 Be7 5. e3 O-O 6. Qd3 b6 7. d5 Ba6 8. Nb5
Nxd5 9. Bxe7 Qxe7 10. Qd4 Bxb5 11. Bxb5 c6 12. Bd3 b5 13. O-O d6 14. e4 e5 15.
Qxd5+ cxd5 16. exd5 a6 17. c4 bxc4 18. Bxc4 Nd7 19. a4 g5 20. b4 g4 21. Nd2 Qg5
22. Nb3 h5 23. g3 f4 24. Nd2 Nf6 25. Rab1 f3 26. b5 Qxd2 27. bxa6 Rfb8 28. Rb7
Rxb7 29. axb7 Rb8 30. Ba6 Nxd5 31. Rb1 Ne7 32. Bf1 e4 33. Bc4+ Kg7 34. Bf1 e3
35. fxe3 Qxe3+ 36. Kh1 f2 37. a5 Qe4+ 38. Bg2 Qxb1+ 0-1

[Event "Michigan Amateur"]
[Site "Kalamazoo, MI"]
[Date "2000.07.29"]
[Round "2.33"]
[White "Decker, James"]
[Black "Horwood, Rob"]
[Result "0-1"]
[WhiteElo "625"]
[BlackElo "1118"]
[PlyCount "76"]
[EventDate "2000.07.29"]

1. e4 e5 2. Nf3 Nc6 3. Bc4 h6 4. O-O Nf6 5. Re1 Bc5 6. Nc3 d6 7. Nd5 Bg4 8. c3
O-O 9. d3 Na5 10. b4 Nxc4 11. dxc4 Bb6 12. a4 c6 13. Ne3 Bh5 14. Nf5 Bc7 15.
Nxh6+ gxh6 16. Bxh6 Re8 17. Qd2 Nh7 18. Ng5 Nxg5 19. Bxg5 f6 20. Bh6 Kf7 21.
Qe3 Rh8 22. f4 Rxh6 23. fxe5 Rg6 24. Qh3 Bg4 25. Qh7+ Rg7 26. Qh4 dxe5 27. Rf1
Ke6 28. Qh6 Qf8 29. Rf2 Bf3 30. Rxf3 Rxg2+ 31. Kxg2 Qxh6 32. Raf1 Rg8+ 33. Kh1
Bd8 34. c5 Qd2 35. R3f2 Qd3 36. Rxf6+ Bxf6 37. Rg1 Qf3+ 38. Rg2 Qxg2# 0-1

[Event "Michigan Amateur"]
[Site "Kalamazoo, MI"]
[Date "2000.07.29"]
[Round "3.27"]
[White "Councell, Keith"]
[Black "Crist, Kevin"]
[Result "1-0"]
[WhiteElo "1345"]
[BlackElo "1073"]
[PlyCount "108"]
[EventDate "2000.07.29"]

1. e4 e5 2. Nf3 Nc6 3. d4 Nxd4 4. Nxd4 exd4 5. Bc4 Bc5 6. Nd2 Nf6 7. O-O d6 8.
Nb3 O-O 9. e5 Ng4 10. e6 Ne5 11. exf7+ Nxf7 12. Nxd4 Qf6 13. Nf3 Kh8 14. Qd3
Bf5 15. Qb3 Qg6 16. Nh4 Qf6 17. Nxf5 Qxf5 18. Bd3 Qf6 19. Qxb7 Ne5 20. Qe4 Nxd3
21. Qxd3 Bxf2+ 22. Kh1 Qh4 23. g3 Bxg3 24. Rxf8+ Rxf8 25. Qxg3 Qxg3 26. hxg3
Rf2 27. Be3 Rxc2 28. Bd4 c5 29. Bc3 Kg8 30. Rd1 Rf2 31. Rxd6 h6 32. Rc6 Rf5 33.
Rc7 Rg5 34. Kg2 a6 35. Rc6 a5 36. Bxa5 c4 37. Bc3 Rg4 38. Kf3 h5 39. a4 Rg5 40.
Rxc4 Rd5 41. b4 g5 42. b5 Rf5+ 43. Ke4 Rf7 44. b6 h4 45. gxh4 gxh4 46. a5 h3
47. Be5 Re7 48. Rc2 Kf7 49. a6 Re6 50. b7 h2 51. Rxh2 Rxa6 52. b8=Q Ra4+ 53.
Kf5 Rf4+ 54. Bxf4 Ke7 1-0

[Event "Michigan Amateur"]
[Site "Kalamazoo, MI"]
[Date "2000.07.29"]
[Round "1.3"]
[White "Coleman, John"]
[Black "Saylor, Oliver"]
[Result "1-0"]
[WhiteElo "1930"]
[BlackElo "1268"]
[PlyCount "120"]
[EventDate "2000.07.29"]

1. d4 d5 2. c4 c6 3. Nc3 Nf6 4. Nf3 Bg4 5. Ne5 Bh5 6. cxd5 cxd5 7. Qb3 Nc6 8.
e3 Rb8 9. Bb5 a6 10. Nxc6 bxc6 11. Bxc6+ Nd7 12. Bxd7+ Kxd7 13. Qxd5+ Ke8 14.
Qxh5 e6 15. O-O Be7 16. d5 Qd6 17. dxe6 Qxe6 18. e4 Kf8 19. Qf5 Qg6 20. Qxg6
hxg6 21. g3 f6 22. Rd1 Bb4 23. Nd5 Bc5 24. b3 Kf7 25. Bf4 Rbe8 26. Re1 Rh3 27.
Kg2 Reh8 28. g4 Rd3 29. Rad1 Rxd1 30. Rxd1 g5 31. Bg3 a5 32. Nc7 Kg6 33. Rd7
Rc8 34. Ne6 Bf8 35. Nxf8+ Rxf8 36. Ra7 Re8 37. Kf3 Rd8 38. Rxa5 Rd2 39. b4 Rd3+
40. Ke2 Rd4 41. Rb5 Rxe4+ 42. Kd3 Re1 43. a4 Rd1+ 44. Kc2 Re1 45. a5 Re2+ 46.
Kb3 Re6 47. Rb6 Re7 48. a6 Rd7 49. a7 Rxa7 50. b5 Rd7 51. Rc6 Rd1 52. b6 Rb1+
53. Kc4 Kh7 54. Kd5 Kg8 55. Kd6 Rd1+ 56. Kc7 Re1 57. b7 Re7+ 58. Kb6 Re1 59.
b8=Q+ Kh7 60. Qf8 Rb1+ 1-0

[Event "Michigan Amateur"]
[Site "Kalamazoo, MI"]
[Date "2000.07.29"]
[Round "3.10"]
[White "Coleman, John"]
[Black "Avery, Bill"]
[Result "1-0"]
[WhiteElo "1930"]
[BlackElo "1561"]
[PlyCount "120"]
[EventDate "2000.07.29"]

1. d4 d5 2. c4 dxc4 3. Nc3 Nf6 4. e4 e6 5. Bxc4 Be7 6. Nf3 O-O 7. O-O b6 8. Bf4
a6 9. Rc1 Bb7 10. Bd3 h6 11. h3 Nbd7 12. a3 c5 13. Re1 cxd4 14. Na4 Nc5 15. b4
Nxd3 16. Qxd3 Rc8 17. Rxc8 Qxc8 18. Qxd4 b5 19. Rc1 Qd8 20. Qxd8 Rxd8 21. Nc5
Bxc5 22. bxc5 Bxe4 23. Nd2 Bc6 24. f3 Nd5 25. Bd6 h5 26. Kf2 Nf6 27. Nb3 Ne8
28. Na5 Bd5 29. Bf4 Rc8 30. c6 f6 31. Be3 Kf7 32. Bb6 Ke7 33. Bc5+ Kd8 34. Bb4
Kc7 35. Ke3 Nd6 36. g4 hxg4 37. hxg4 Nc4+ 38. Kd4 Bxf3 39. Nxc4 bxc4 40. Rxc4
Bxc6 41. Ke3 Kb6 42. Rd4 a5 43. Bd6 Rd8 44. Bc5+ Kb5 45. Rxd8 Kxc5 46. Rg8 Kd6
47. Rxg7 a4 48. Kf4 Bd7 49. Rf7 e5+ 50. Kg3 Ke6 51. Rg7 Bc6 52. Rg6 Kf7 53. Rh6
Kg7 54. g5 Bd7 55. Rxf6 Bc8 56. Rc6 Bf5 57. Rc4 Kg6 58. Kh4 Bd7 59. Rc7 Bf5 60.
Rc6+ Kg7 1-0

[Event "Michigan Amateur"]
[Site "Kalamazoo, MI"]
[Date "2000.07.29"]
[Round "2.30"]
[White "Clark, Richard"]
[Black "Hall, Jacob"]
[Result "1-0"]
[WhiteElo "1193"]
[BlackElo "699"]
[PlyCount "93"]
[EventDate "2000.07.29"]

1. Nf3 Nc6 2. g3 Nf6 3. Bg2 e5 4. d3 Bd6 5. O-O O-O 6. Nc3 Nd4 7. e3 Nxf3+ 8.
Bxf3 Bb4 9. Bd2 d6 10. a3 Bxc3 11. Bxc3 Bh3 12. Re1 Re8 13. e4 Qc8 14. d4 Bg4
15. dxe5 Bxf3 16. Qxf3 dxe5 17. Rad1 Rd8 18. Bxe5 Rxd1 19. Rxd1 Ne8 20. Kg2 Qe6
21. Bc3 Qe7 22. Qd3 Nf6 23. e5 Nh5 24. Qd7 Qxd7 25. Rxd7 f6 26. e6 Re8 27. e7
Kf7 28. Bb4 f5 29. Rxc7 Nf6 30. Rxb7 Nd5 31. Bc5 Rxe7 32. Bxe7 Nxe7 33. Rxa7
Ke6 34. c4 Nc6 35. Rxg7 Ne5 36. b3 Nc6 37. b4 Kf6 38. Rxh7 Na7 39. Rxa7 Ke6 40.
f4 Kf6 41. c5 Kg6 42. c6 Kh5 43. c7 Kg4 44. c8=Q Kh5 45. Qh8+ Kg6 46. Qh7+ Kf6
47. Qf7# 1-0

[Event "Michigan Amateur"]
[Site "Kalamazoo, MI"]
[Date "2000.07.29"]
[Round "1.10"]
[White "Choate, Eric"]
[Black "Williams, Ken"]
[Result "0-1"]
[WhiteElo "1187"]
[BlackElo "1823"]
[Annotator "Jeff Aldrich"]
[PlyCount "90"]
[EventDate "2000.07.29"]

{Sicilian: Rossolimo (Fianchetto)} 1. e4 c5 2. Nf3 Nc6 3. Bb5 g6 4. Bxc6 dxc6
5. d3 Bg7 6. O-O Nf6 7. Nbd2 O-O 8. Re1 Qc7 9. Rb1 Be6 10. Nb3 b6 11. Bd2 Rad8
12. Ng5 Bxb3 13. axb3 h6 14. Nf3 Nd7 15. Qc1 Kh7 16. Bc3 Bxc3 17. bxc3 a5 18.
c4 ({Better is} 18. e5 {fighting for control of the center. After 18. c4,
black continues to make progress slowly, while white just marks time behind
the line of scrimmage.}) 18... e5 19. Qb2 Rfe8 20. Rbd1 Nf8 21. g3 f6 22. Qc1
Ne6 23. Qd2 Re7 24. Qe2 Nd4 25. Nxd4 Rxd4 26. Rf1 g5 27. Qf3 Kg7 28. Qf5 Qd7
29. Qf3 Qe6 30. Kg2 Kg6 31. h3 h5 32. Qe3 Rg7 33. Kh2 f5 34. Rde1 f4 35. gxf4
exf4 36. Qf3 Qe5 37. Rg1 Kh6 38. Kh1 g4 39. hxg4 hxg4 40. Qg2 Rg5 41. Rgf1 Rh5+
42. Kg1 Kg5 43. Rd1 f3 44. Qg3 Qh8 {And just like that, white is mated. He
made no obvious blunders, other than letting black control the game.} 45. Rfe1
Rh1# 0-1